| 000 | 00392nam a22001697a 4500 | ||
|---|---|---|---|
| 003 | OSt | ||
| 008 | 240423b |||||||| |||| 00| 0 eng d | ||
| 020 | _a9780099511526 | ||
| 082 | _a821.5 POR | ||
| 100 | _aPOPE, Alexander | ||
| 245 | _aThe Rape of the Lock | ||
| 250 | _aIst. ed., | ||
| 260 |
_aLondon, _bVintage Books, _c2007, |
||
| 300 | _a38 p. | ||
| 650 | _aEnglish | ||
| 942 |
_2ddc _cBK |
||
| 999 |
_c12549 _d12549 |
||